000
00323 a2200157 4500
001
68133
020
_a
9783126767514
040
_c
Anchieta - Pituba
100
_a
Sober, Lidija
240
1
0
_a
Maximal B1
_l
deu / ger
245
1
0
_a
Maximal B1
300
_a
152
362
0
_a
2019
650
4
_a
Língua alemã
942
_c
BK
999
_c
68133
_d
68133